• Tácito, Cayo Cornelio,

di Personal Name

Records bibliografici associati: 1

001 - CONTROL NUMBER

  • control field: 64009

003 - CONTROL NUMBER IDENTIFIER

  • control field: IT-RoINE

005 - DATE AND TIME OF LATEST TRANSACTION

  • control field: 20191104060843.0

008 - FIXED-LENGTH DATA ELEMENTS

  • fixed length control field: 191104|| aca||aabn | a|a d

040 ## - CATALOGING SOURCE

  • Original cataloging agency: IT-RoINE
  • Transcribing agency: IT-RoINE

100 ## - HEADING--PERSONAL NAME

  • Personal name: Tácito, Cayo Cornelio,
  • Dates associated with a name: ca. 55-ca. 120.
  • Title of a work: Annales

670 ## - SOURCE DATA FOUND

  • Source citation: Work cat.: (IT-RoINE)0: Lancina, Juan Alfonso de, ca. 1649-1703 64008, Comentarios políticos a Tácito /, 2004.